000 00435nam a22001337a 4500
008 211005b ||||| |||| 00| 0 eng d
050 _aB105.M4 P64
100 _aPolanyi, Michael
_919085
245 _aMeaning
_cMichael Polanyi and Harry Prosch
260 _aChicago
_bThe University of Chicago Press
_c1975
300 _a246p. ;
_c20cm.
650 _aMeaning (Philosophy)
_xAddresses
_xEssays
_xLectures
_950292
942 _2lcc
_cMONOGRAPH
999 _c130686
_d130686